000 00400nam a2200109Ia 4500
008 171204s9999 xx 000 0 und d
245 _aHealth, Food And Social Inequality: Critical Perspectives On The Supply And Marketing Of Food
245 _cCarolyn Mahoney
260 _c2015
650 _xMARKETING MANAGEMENT
856 _uhttp://down.ebook777.com/009/HeaFooAndSocIneCriPerOnTheSupAndMarOfFoo.pdf
999 _c347042
_d347042